000 00801cam a2200301 4500
008 090401t1995 xxu||||| |||| 00| 0 eng d
020 _a085406740X
035 _a(Sirsi) u64176
041 _aeng
050 _a333.110968
090 _aRICS 1995/109ABCD
100 _aPalmer, Robin
245 4 _aThe context of land management and reform in Southern Africa.
260 _aLondon
_bRICS
_c1995
300 _a8p. ; 30cm.
350 _a2.95
490 _aRICS Foundation Our Common Estate Series
650 _aLAND MANAGEMENT
650 _aLAND REFORM
650 _aMOZAMBIQUE
650 _aOUR COMMON ESTATE
650 _aSOUTHERN AFRICA
650 _aZAMBIA
690 _aLAND
710 _aRoyal Institution of Chartered Surveyors
_94900
942 _n0
948 _c04/03/1997
999 _c94647
_d94647